Fütyülő szélben egy villanyszerelő brigád életéről /
Elmentve itt :
| Szerző: | |
|---|---|
| Dokumentumtípus: | Cikk |
| Megjelent: |
1963-11-19
|
| Sorozat: | Délmagyarország
53 No. 270 |
| Kulcsszavak: | Hődör Antal, Villanyszerelők riport, Életmód riport Szeged 1963, villamosság, közvilágítás |
| Online Access: | http://dmarchiv.bibl.u-szeged.hu/65051 |
| LEADER | 00561nab a2200157 i 4500 | ||
|---|---|---|---|
| 001 | delm65051 | ||
| 005 | 20180927151339.0 | ||
| 008 | 180927s1963 hu o 0|| hun d | ||
| 040 | |a SZTE Délmagyarország Archívum |b hun | ||
| 041 | |a hun | ||
| 100 | 1 | |a Varga Edit | |
| 245 | 1 | 0 | |a Fütyülő szélben |h [elektronikus dokumentum] : |b egy villanyszerelő brigád életéről / |c Varga Edit |
| 260 | |c 1963-11-19 | ||
| 300 | |a 3 | ||
| 490 | 0 | |a Délmagyarország |v 53 No. 270 | |
| 695 | |a Hődör Antal, Villanyszerelők riport, Életmód riport Szeged 1963, villamosság, közvilágítás | ||